000 02999cam a2201165 4500
003 PE-LiUPU
005 20250813185623.0
008 2006 sp a spa
020 _a8436820428
040 _aPE-LiUPU
_bspa
_cPE-LiUPU
_dPE-LiUPU
_erda
082 0 4 _a370.155
_bB517m
_223
100 1 _aBernaldo de Quirós Aragón, Mónica
_eAutor.
245 _aManual de psicomotricidad /
_cMónica Bernaldo de Quirós Aragón.
264 1 _aMadrid :
_bPirámide,
_c2006.
300 _a202 páginas :
_bilustraciones ;
_c24 centímetros.
490 0 _a(Psicología)
505 0 _aEl concepto de psicomotricidad -- Modelos de intervención -- Psicomotricidad dirigida -- Psicomotricidad vivenciada -- Técnicas de intervención -- La relajación -- El juego -- La música y la danza -- La expresión plástica -- ÁREAS DE INTERVENCIÓN: Intervención psicomotriz en parálisis cerebral -- Intervención psicomotriz en trastornos mentales crónicos: esquizofrenia -- Intervención psicomotriz en retraso mental -- Intervención psicomotriz en la ceguera -- en menores protegidos -- Intervención psicomotriz en ancianos.
526 _aP202
526 _aP201
526 _aP163
526 _aP162
526 _aP161
526 _aP160
526 _aP148
526 _aP147
526 _aP146
526 _aP145
526 _aP144
526 _aP143
526 _aP142
526 _aP141
526 _aP140
526 _aP139
526 _aP138
526 _aP137
526 _aP136
526 _aP135
526 _aP134
526 _aP133
526 _aP129
526 _aP128
526 _aP127
526 _aP120
526 _aP119
526 _aP118
526 _aP116
526 _aP115
526 _aP114
526 _aP110
526 _aP109
526 _aP108
526 _aP104
526 _aP103
526 _aP102
526 _aP99
526 _aP98
526 _aP97
526 _aP96
526 _aP95
526 _aP93
526 _aP90
526 _aP89
526 _aP88
526 _aP83
526 _aP82
526 _aP62
526 _aP59
526 _aP58
526 _aP57
526 _aP51
526 _aP49
526 _aP48
526 _aP47
526 _aP29
526 _aP24
526 _aP20
526 _aP19
526 _aP17
526 _aP15
526 _aP14
526 _aP12
526 _aP10
526 _aP09
526 _aP08
526 _aP07
526 _aP06
526 _aP05
526 _aP04
526 _aP01
650 1 4 _aPsicomotricidad
650 1 4 _aEducación por el movimiento
650 1 4 _aAptitud motora
650 1 4 _aAprendizaje motor
910 _agl
942 _2ddc
_cBK
980 _81
_gALBERTO SANCHEZ Responsable de Automatización
999 _c55340
_d55340